Thánh kinh xử thế của người Trung Quốc : (Quan hệ học). T.2 /

Tứ hải giai huynh đệ - Phương hướng giao hữu; Làm được thành công là do suy nghĩ kỹ - Đạo xử thế; Nhà nào cũng có một bản kinh khó đọc - Phương pháp trị gia.

Sparad:
Bibliografiska uppgifter
Huvudupphovsman: Đông Phương Tri.
Materialtyp: Bok
Språk:Vietnamese
Publicerad: Cà Mau : Nxb. Mũi Cà Mau, 2004.
Ämnen:
Taggar: Lägg till en tagg
Inga taggar, Lägg till första taggen!
Thư viện lưu trữ: Mạng thư viện Đại học Đà Nẵng
LEADER 01398cam a2200373 a 4500
001 000044573
003 2975
005 20060426150037.0
008 010314b2004 vm 000 vie
020 |c 70000 
040 |a LRC  |c LRC  |d LRC 
041 0 |a vie 
082 1 4 |a 302.50951  |b ĐÔ-T 
100 1 |a Đông Phương Tri. 
245 1 0 |a Thánh kinh xử thế của người Trung Quốc :  |b (Quan hệ học).  |n T.2 /  |c Đông Phương Tri. 
260 |a Cà Mau :  |b Nxb. Mũi Cà Mau,  |c 2004. 
300 |a 638 tr. ;  |c 20 cm. 
520 3 |a Tứ hải giai huynh đệ - Phương hướng giao hữu; Làm được thành công là do suy nghĩ kỹ - Đạo xử thế; Nhà nào cũng có một bản kinh khó đọc - Phương pháp trị gia. 
630 0 4 |a Xử thế. 
630 0 4 |a Trung Quốc. 
650 0 4 |a Quan hệ học. 
650 0 4 |a Thuật xử thế  |z Trung Quốc. 
OWN |a DUT 
AVA |a UDN50  |b DUT  |c Book  |d 302.50951 ĐÔ-T  |e available  |t Error 5001 Not defined in file expand_doc_bib_avail.  |f 3  |g 0  |h N  |i 0  |j SH  |k 1 
999 |a From the UDN01 
AVA |a UDN50  |b DUT  |c Book  |d 302.50951 ĐÔ-T  |e available  |t Error 5001 Not defined in file expand_doc_bib_avail.  |f 3  |g 0  |h N  |i 0  |j SH  |k 1 
TYP |a Monograph 
TYP |a Printed language 
980 |a Mạng thư viện Đại học Đà Nẵng